| 000 | 01712nam a2200505 i 4500 | ||
|---|---|---|---|
| 001 | 52023 | ||
| 003 | KOSZ 005 | ||
| 005 | 20220408074219.0 | ||
| 008 | 981103s1986 pl a f f |001 0 pol | ||
| 015 | _aUWD 1986/8712 | ||
| 020 | _a8301001402 | ||
| 035 | _a991007825769705066 | ||
| 035 | _a(PL-WaBN)b12026955-48omnis_nlop | ||
| 035 | _ab12026955 | ||
| 035 | _a(OCoLC)69559241 | ||
| 035 | _azz2003990060 | ||
| 035 | _a(PL)b0000001202695 | ||
| 035 | _a(EXLNZ-48OMNIS_NETWORK)9910217017805606 | ||
| 040 |
_aWA N _cWA N _dKOSZ 005/HR |
||
| 041 | 1 |
_apol _heng |
|
| 080 | _a577.1 | ||
| 080 | _a(07) | ||
| 100 | 1 |
_aStryer, Lubert _d(1938- ) _eAutor |
|
| 245 | 1 | 0 |
_aBiochemia / _cLubert Stryer ; przekł. zbiorowy [z ang.] pod red. Jacka Augustyniaka, [tł. J. Augustyniak et al.]. |
| 246 | 1 |
_iTyt. oryg.: _aBiochemistry, _f1985 |
|
| 260 |
_aWarszawa : _bPaństwowe Wydawnictwo Naukowe, _c1986. |
||
| 300 |
_a1003, [1] s. : _bfot., rys., wykr. ; _c24 cm. |
||
| 336 |
_aTekst _btxt _2rdacontent |
||
| 337 |
_aBez urządzenia pośredniczącego _bn _2rdamedia |
||
| 338 |
_aWolumin _bnc _2rdacarrier |
||
| 380 | _aKsiążki | ||
| 380 | _aPublikacje dydaktyczne | ||
| 385 |
_mPoziom nauczania _aSzkoły wyższe |
||
| 388 | _a1901-2000 | ||
| 388 | _a1945-1989 | ||
| 504 | _aBibliogr. przy rozdz. - Indeksy. | ||
| 650 | 7 |
_aBiochemia _2DBN |
|
| 655 | 7 | _aPodręcznik | |
| 658 | _aBiologia | ||
| 710 | 2 |
_aPaństwowe Wydawnictwo Naukowe _4pbl |
|
| 700 | 1 |
_aAugustyniak, Jacek _d(1932-2000) _eTłumaczenie |
|
| 856 |
_uhttp://koha.tu.koszalin.pl/cgi-bin/koha/opac-detail.pl?biblionumber=52023 _yKatalog online BPK |
||
| 942 |
_2UKD _cKS |
||
| 999 |
_c52023 _d52023 |
||